000 00300 a2200157 4500
001 175098
020 _a
040 _cMagnum
100 _a-
240 1 0 _aA caixinha de fogo
_lpor
245 1 0 _aA caixinha de fogo
362 0 _a1899
440 1 _aLoyola
697 _aIJ/FABULAS
942 _cBK
999 _c175098
_d175098